000
002870000a22001090004500
100
1
_a
Lee, Martin
245
1
0
_a
Global connections : Association with the marginalised
300
_a
Vol.23, núm.2 (Junio-Agosto, 2005), Páginas
500
_a
Supplement
773
0
_t
Evangel
942
_c
ANA
999
_c
60537
_d
60537